| 000 | 02625nam0a2200397 4500 | ||
|---|---|---|---|
| 001 | RU\NLR\BIBL_A\012116863 | ||
| 005 | 20260407030844.0 | ||
| 035 | _a(NLR Aleph) 012116863 | ||
| 090 |
_a11972308 _c11972308 |
||
| 100 | _a20191010d1976 |||y0rusy50 ca | ||
| 101 | 0 |
_arus _afin |
|
| 102 | _aRU | ||
| 105 | _aac b 110zy | ||
| 200 | 1 |
_aКаталог выставки произведений живописи народного художника РСФСР Суло Юнтунена _eвыставка посвящена шестидесятилетию со дня рождения художника _fМинистерство культуры КАССР, Союз художников КАССР, Музей изобразительных искусств КАССР _g[составитель каталога: З. Юсупова _gвступительная статья: О. Воронова] |
|
| 210 |
_aПетрозаводск _cКарелия _d1976 |
||
| 215 |
_a54, [1] с. _cил., портр. _d17х22 |
||
| 300 | _aЗагл. обл.: Суло Юнтунен | ||
| 300 | _aВ вып. дан.: Суло Юнтунен: каталог | ||
| 300 | _aТит. л. также на фин. яз. | ||
| 300 | _aТекст парал. рус., фин. | ||
| 512 | 1 | _aСуло Юнтунен | |
| 517 | 1 |
_aСуло Юнтунен _eкаталог |
|
| 600 | 1 |
_aЮнтунен _bС. Х. _f1915 - 1980 _gСуло Хейккиевич _jКаталоги _xВыставки _yПетрозаводск, город (Карелия) _z1976 _92426543 _3RU\NLR\AUTH\6601663072 |
|
| 601 | 0 | 2 |
_aМузей изобразительных искусств Республики Карелия _cПетрозаводск, город _jКаталоги _xВыставки _z1976 _92426546 _3RU\NLR\AUTH\6601663074 |
| 686 | 1 | _aЩ143(2Р=Карел)7-8Юнтунен л62 | |
| 686 | 1 | _aЩ101.3(2Р=Карел)-2Петрозаводск2Музей изобразительных искусств Республики Карелия л62 | |
| 702 | 1 |
_4220 _7ca _8rus _aЮсупова _bЗ. Г. _cискусствовед _f1937- _gЗифа Габбасовна _9163753 _3RU\NLR\AUTH\770163797 |
|
| 702 | 1 |
_aЮнтунен _bС. Х. _f1915-1980 _gСуло Хейккиевич _4570 |
|
| 710 | 1 | 0 |
_aЮнтунен, _eПетрозаводск _f1976 _gСуло Хейккиевич _hВыставка произведений _9523396 _3RU\NLR\AUTH\8810012780 |
| 852 |
_aNLR _jЭ КП/Ю-564 |
||
| 942 | _cBOOK | ||
| 980 | _aNB | ||